Bosquejos para discursos (Record no. 29515)

MARC details
000 -LEADER
campo de control de longitud fija 00455mm a2200145a 44500
001 - NÚMERO DE CONTROL
campo de control NM030208
003 - IDENTIFICADOR DE NÚMERO DE CONTROL
campo de control RG CODE MARC
008 - DATOS DE LONGITUD FIJA--INFORMACIÓN GENERAL
campo de control de longitud fija 05020s1919 ||||||||||||||000 | spa||
005 - FECHA Y HORA DE LA ÚLTIMA TRANSACCIÓN
campo de control 20251028183346.0
040 ## - FUENTE DE CATALOGACIÓN
Centro catalogador/agencia de origen ORG CODE MARC
245 ## - MENCIÓN DEL TÍTULO
Título Bosquejos para discursos
Resto del título para uso de los oficiales del Ejército de Salvación
260 ## - PUBLICACIÓN, DISTRIBUCIÓN, ETC.
Lugar de publicación, distribución, etc. Buenos Aires
Nombre del editor, distribuidor, etc. Ejército de Salvación, Cuartel General para la América del Sud
300 ## - DESCRIPCIÓN FÍSICA
Extensión 210 p.
Otras características físicas 17 cm.
942 ## - ELEMENTOS DE ENTRADA SECUNDARIOS (KOHA)
Tipo de ítem Koha Colección General
Holdings
Estatus retirado Estado de pérdida Estado de daño No para préstamo Biblioteca de origen Biblioteca actual Fecha de adquisición Total de préstamos Código de barras Visto por última vez Precio de reemplazo Tipo de ítem Koha
        Biblioteca Pluis Biblioteca Pluis 28/10/2025   047226 28/10/2025 28/10/2025 Colección General